[Event "HUN-chT U20"]
[Site "Budapest"]
[Date "2004.12.29"]
[Round "5"]
[White "Koczo, David"]
[Black "Mitlasovszki, Tunde"]
[Result "0-1"]
[WhiteElo "1536"]
[BlackElo "1660"]
[PlyCount "98"]
[EventDate "2004.12.27"]
[EventType "team"]
[EventRounds "7"]
[EventCountry "HUN"]
[SourceTitle "EXT 2008"]
[Source "ChessBase"]
[SourceDate "2007.11.25"]
[SourceVersion "1"]
[SourceVersionDate "2007.11.25"]
[SourceQuality "1"]

1. e4 e5 2. Nf3 Nf6 3. Nxe5 d6 4. Nf3 Nxe4 5. Qe2 Qe7 6. d4 d5 7. Nbd2 Nf6 8. Nb3 Qxe2+ 9. Bxe2 Bd6 10. 0-0 0-0 11. Re1 Bf5 12. c4 dxc4 13. Bxc4 Nc6 14. a3 Rfe8 15. Be3 Rad8 16. Rad1 Be4 17. Ng5 Bd5 18. Bxd5 Nxd5 19. g3 Be7 20. Nf3 Bf6 21. Bg5 h6 22. Bxf6 Nxf6 23. Rxe8+ Rxe8 24. Rc1 Re2 25. Nbd2 Nd5 26. Rc5 Nce7 27. Kf1 Re6 28. Ne5 c6 29. Rc1 Nf5 30. Ndf3 Nxd4 31. Nxd4 Rxe5 32. Re1 Rg5 33. Re8+ Kh7 34. Ra8 Rg4 35. Nf5 Ra4 36. Nd6 b5 37. Nxf7 b4 38. Ne5 c5 39. axb4 cxb4 40. Rb8 Ra1+ 41. Ke2 Ra2 42. Nd3 a5 43. Rb5 Nc3+ 44. Kd2 Nxb5 45. Kc2 Nd4+ 46. Kb1 b3 47. Nc5 Nf3 48. Nxb3 Ra4 49. Nc5 Nd2+ 0-1